000 00270nam a2200121Ia 4500
008 191201s2008 xx 000 0 und d
100 _aROBBINS,Stephen P
245 0 _aManagement
260 _aN. delhi
_bPHI
_c2008
300 _a738
650 _aBBA
942 _2ddc
_cBK
_01
999 _c6579
_d6579